000 00227nam a2200097Ia 4500
008 240331s9999 xx 000 0 und d
082 _bPUD
100 _aVenkadasalapathy,A.R. ed
245 0 _aPudumaipiththan kathaikal
942 _cL
999 _c3793
_d3793